{"text_format":"1","workbook":"xlsx","n_sheets":3,"sheets":["invoice","وكلاء","الصادر"],"not_rendered":{"charts":0,"images":0,"macros":1,"external_links":1,"defined_names":7,"comments":0,"pivot_tables":0},"unopened":[],"bounds":{"document_bytes":16777216,"sheet_cells":100000,"rows_first":2000,"rows_last":500,"rows_between":2000,"halvings":0,"cell_chars":16384,"cell_head_chars":4096},"cells_cut":0,"cells_raw":0,"read":"whole","date_system":"1900"}

{"sheet":"invoice","index":0,"n_rows":46,"n_cols":9,"rows_kept":46,"cut":false,"hidden":false,"merged":[[45,5,45,6],[45,7,45,8],[39,3,39,4],[41,2,41,4],[41,5,41,6],[41,7,41,8],[42,2,42,4],[42,5,42,6],[42,7,42,8],[43,2,43,4],[43,5,43,6],[43,7,43,8],[44,2,44,4],[44,5,44,6],[38,3,38,4],[27,3,27,4],[28,3,28,4],[29,3,29,4],[30,3,30,4],[31,3,31,4],[32,3,32,4],[33,3,33,4],[34,3,34,4],[35,3,35,4],[36,3,36,4],[37,3,37,4],[22,3,22,4],[23,3,23,4],[24,3,24,4],[25,3,25,4],[26,3,26,4],[21,3,21,4],[5,7,5,8],[9,2,9,3],[9,7,9,8],[10,2,10,3],[12,6,12,7],[14,6,14,7],[16,4,16,7],[18,3,18,4],[19,3,19,4],[20,3,20,4]]}
[]
[]
[]
[]
[]
[null,null,null,null,{"$f":"TODAY()","v":"2021-05-27"},null,null,1]
[]
[]
[]
[null,null,null,null,"agent4"]
[]
[]
[]
[]
[]
[]
[]
[]
[null,null,"#","Description",null,"unit","Qty.","U.price","Amount"]
[null,null,1,"pouyt",null,"bottle",50,5.5,275]
[null,null,2,"rtyui",null,"pc",40,3.6,144]
[null,null,3,"nbhuy",null,"kg",30,4.8,144]
[null,null,4,"lkop",null,"boxes",20,10,200]
[null,null,5,"erty",null,"bottle",10,3.5,35]
[null,null,6,"kljgf",null,"pc",12,4,48]
[null,null,"",null,null,null,"","",""]
[null,null,"",null,null,null,"","",""]
[null,null,"",null,null,null,"","",""]
[null,null,"",null,null,null,"","",""]
[null,null,"",null,null,null,"","",""]
[null,null,"",null,null,null,"","",""]
[null,null,"",null,null,null,"","",""]
[null,null,"",null,null,"","","",""]
[null,null,"",null,null,"","","",""]
[null,null,"",null,null,"","","",""]
[2.2999999999999998,null,"",null,null,"","","",""]
[null,null,"",null,null,"","","",""]
[null,null,"",null,null,"","","",""]
[null,null,"",null,null,"","","",""]
[null,null,"",null,null,"","","",""]
[null,null,null,null,null,null,null,0]
[null,null,null,null,null,"Total qua.",null,{"$f":"IF(E10=\"\",\"\",SUM(G20:G40))","v":162}]
[null,null,null,null,null,"Total amount",null,{"$f":"IF(E10=\"\",\"\",SUM(I21:I41))","v":571}]
[null,null,null,null,null,"Transportation"]
[null,null,null,null,null,"Discount"]
[null,null,null,null,null,"Net",null,{"$f":"IF(E10=\"\",\"\",H43+H44-I45)","v":571}]

{"sheet":"وكلاء","index":1,"n_rows":9,"n_cols":5,"rows_kept":9,"cut":false,"hidden":false,"merged":[]}
[]
[]
[]
[]
[]
[]
[]
["#","الوكيل","القائمه","تاريخها","مبلغها"]
[1,"agent4",1,"2021-05-23",571]

{"sheet":"الصادر","index":2,"n_rows":11,"n_cols":11,"rows_kept":11,"cut":false,"hidden":false,"merged":[]}
[]
[]
[]
[]
[null,"التاريخ","الرقم","الوكيل","الماده","التعبئه","الكميه","السعر","القيمه","الصافي","الخصم"]
[null,"2021-05-23",1,"agent4","pouyt","bottle",50,5.5,275,571]
[null,null,null,null,"rtyui","pc",40,3.6,144]
[null,null,null,null,"nbhuy","kg",30,4.8,144]
[null,null,null,null,"lkop","boxes",20,10,200]
[null,null,null,null,"erty","bottle",10,3.5,35]
[null,null,null,null,"kljgf","pc",12,4,48]